000 01019 a2200229 4500
003 Nust
005 20220819101048.0
010 _a 90166830
020 _a1870325303
040 _cNust
082 0 0 _a005.3,TER
245 0 0 _aTerrain modelling in surveying and civil engineering /
_cedited by G. Petrie and T.J.M. Kennie.
260 _aLatheronwheel, Caithness :
_bWhittles Pub. in association with T. Telford,
_cc1990.
300 _axiv, 351 p. :
_bill. ;
_c24 cm.
505 _aIntroduction to Terrain Modeling (Page-1), Data Acquisition (Page-3), Theoretical Basis of DTM Formation and Display (Page-111), Systems and Software (Page-150), DTM Applications ton Engineering (Page-215), Visualization (Page-250), Accuracy Testing, Procurement and benchmarking of DTM Systems (Page-315).
650 0 _aCivil engineering
_xMaps.
_998197
650 0 _aDigital mapping.
_946102
650 0 _aSurveying
_xMaps.
_998198
700 1 _aKennie, T.J.M.
_939595
700 1 _aPetrie, G.
_998199
942 _2ddc
_cBK
_k005.3,TER
999 _c180451
_d180451